000 00287nam a22001217a 4500
008 170504b xxu||||| |||| 00| 0 eng d
041 _aALB
080 _a347
100 _a14
101 _aSHM
245 _aTE KUPTUARIT E PARIMEVE MBI TE DREJTAT E NJERIUT
_cJOWELL, J
942 _2udc
_cBK
999 _c12679
_d12679